| 000 | 00516nam a2200121Ia 4500 | ||
|---|---|---|---|
| 008 | 220620s9999||||xx |||||||||||||| ||und|| | ||
| 245 | 0 | _aAssessing Recent Soil Erosion Rates through the Use of Beryllium-7 (Be-7) | |
| 546 | _aEnglish[eng] | ||
| 650 | _aLife sciences||Agriculture||Soil science||Soil conservation||Environmental sciences||Physical geography||Natural resources | ||
| 700 | _aMabit, Lionel||Blake, William | ||
| 856 | _uhttps://library.oapen.org/bitstream/20.500.12657/22896/1/1007265.pdf | ||
| 942 | _cEB | ||
| 999 |
_c32008 _d32008 |
||